000 00698nam a22002297a 4500
999 _c64979
_d64979
005 20240530110800.0
008 181216s2018 ua g 00| f ara d
017 _a2017/23730
_bمصر. دار الكتب
020 _a9789777951432
040 _aEG-CaGPL
_cEG-CaGPL
082 0 4 _221
_a813.03 /
_bن م
100 0 _aنهلة كرم
245 1 2 _aالمقاعد الخلفية:
_bرواية /
_cنهلة كرم
250 _aط.1
260 _aالقاهرة :
_c2018.
300 _a415 ص. ؛
_c19 سم.
650 0 7 _2qrmak
_aالادب العربى
650 0 7 _2qrmak
_aالقصص العربية
651 _2qrmak
942 _2ddc
_cBK